[Event "Dos Hermanas"]
[Site "Dos Hermanas"]
[Date "1994.??.??"]
[Round "1"]
[White "Topalov, Veselin"]
[Black "Epishin, Vladimir"]
[Result "1-0"]
[WhiteElo "2640"]
[BlackElo "2675"]

1.c4 e5 2.Nc3 Nf6 3.Nf3 Nc6 4.g3 Bb4 5.Nd5 Bc5 6.d3 h6 7.a3 a5 8.Bg2 d6 9.O-O O-O
10.Nxf6+ Qxf6 11.Nd2 Qd8 12.e3 Ne7 13.Ne4 Ba7 14.Nc3 c6 15.d4 Be6 16.b3 f5
17.a4 Qc7 18.Ba3 Rad8 19.f4 Bf7 20.Kh1 exd4 21.exd4 Kh8 22.Ra2 Ng8 23.Bh3 Bg6
24.Rd2 Nf6 25.Qc2 Rde8 26.d5 Ne4 27.Nxe4 fxe4 28.Rdd1 Rf6 29.Bb2 e3 30.Qe2 Be4+
31.Bg2 Rf7 32.Bxe4 Rxe4 33.f5 Qe7 34.Rf3 Bc5 35.Bc3 Kg8 36.Rdf1 cxd5 37.f6 gxf6
38.cxd5 Re5 39.Bxe5 Qxe5 40.Rf5 Qe4+ 41.Kg1 Kg7 42.h4 Bb6 43.Kh2 Rc7 44.Rxf6 Bd4
45.R6f4 Qc2 46.Rg4+ Kh7 47.Rf7+ Kh8 48.Rf2 Qxe2 49.Rxe2 Bc5 50.Re4 b5 51.Kh3 bxa4
52.bxa4 Kh7 53.Rb2 Kg6 54.Re6+ Kg7 55.Rb5 Bd4 56.Re4 Rc4 57.Rxa5 Kf6 58.Ra8 Kf5
59.Rae8 Rxa4 60.R8e6  1-0

[Event "Dos Hermanas"]
[Site "Dos Hermanas"]
[Date "1994.??.??"]
[Round "1"]
[White "Illescas Cordoba, Miguel"]
[Black "Lautier, Joel"]
[Result "1/2-1/2"]
[WhiteElo "2590"]
[BlackElo "2625"]

1.c4 Nf6 2.Nc3 c5 3.g3 Nc6 4.Bg2 e6 5.Nf3 d5 6.cxd5 Nxd5 7.O-O Be7 8.d4 O-O
9.Nxd5 exd5 10.dxc5 Bxc5 11.Bg5 Qb6 12.Rc1 d4 13.Qc2 Bd6 14.Nd2 Be6 15.Ne4 Be7
16.Bxe7 Nxe7 17.Ng5 Bf5 18.Qc5 Rfe8 19.b4 Rad8 20.Rfd1 Qf6 21.Nf3 b6 22.Qe5 Qxe5
23.Nxe5 Nd5 24.Rxd4 Nc3 25.Rxd8 Rxd8 26.Bf3 Nxa2 27.Ra1 Nxb4 28.Rxa7 f6 29.Nc4 Bh3
30.Ra8 Rxa8 31.Bxa8 b5 32.Nd6 Bd7 33.Be4 g6 34.f4 Kf8 35.Kf2 Ke7 36.Nb7 Bc6
37.Ke3 f5 38.Bxc6 Nxc6 39.Kd3 Kd7  1/2-1/2

[Event "Dos Hermanas"]
[Site "Dos Hermanas"]
[Date "1994.??.??"]
[Round "1"]
[White "Rivas Pastor, Manuel"]
[Black "Karpov, Anatoly"]
[Result "1/2-1/2"]
[WhiteElo "2505"]
[BlackElo "2740"]

1.c4 e5 2.Nc3 Nf6 3.e3 d6 4.d4 Nbd7 5.Nf3 g6 6.Be2 Bg7 7.O-O O-O 8.b4 Re8
9.a4 exd4 10.exd4 Nf8 11.Ra3 c6 12.d5 a5 13.bxa5 Rxa5 14.Re1 cxd5 15.cxd5 N8d7
16.Bb5 Rxe1+ 17.Qxe1 Nb6 18.Bg5 Ra8 19.Ne4 Bf5 20.Nxf6+ Bxf6 21.Re3 Bd7 22.Bxd7 Nxd7
23.h4 Kg7 24.Qb4 Bxg5 25.hxg5 Nc5 26.Ra3 Qd7 27.Qf4 Rxa4 28.Rxa4 Nxa4 29.Nh2 Kf8
30.Qd4 Qb5 31.Ng4 Ke8 32.Nh6 Nb6 33.Qh8+ Kd7 34.Nxf7 Qxd5 35.Qd8+ Kc6 36.Qe7 Kc5
37.Qe3+ Kc6  1/2-1/2

[Event "Dos Hermanas"]
[Site "Dos Hermanas"]
[Date "1994.??.??"]
[Round "2"]
[White "Karpov, Anatoly"]
[Black "Gelfand, Boris"]
[Result "1/2-1/2"]
[WhiteElo "2740"]
[BlackElo "2685"]

1.d4 Nf6 2.c4 g6 3.g3 Bg7 4.Bg2 O-O 5.Nc3 d6 6.Nf3 Nc6 7.O-O e5 8.d5 Ne7
9.e4 Nd7 10.Ne1 f5 11.Nd3 Nf6 12.Bg5 h6 13.Bxf6 Bxf6 14.f4 exf4 15.Nxf4 Be5
16.exf5 Bxf5 17.Qd2 c6 18.Kh1 Qb6 19.Rae1 Rf7 20.Ne6 Bxe6 21.dxe6 Rxf1+ 22.Rxf1 Nf5
23.Bh3 Qe3 24.Qxe3 Nxe3 25.Rf7 g5 26.Rxb7 g4 27.Bg2 Nxg2 28.Kxg2 Re8 29.e7 a5
30.Rc7 Kf7 31.Rxc6 Bxc3 32.bxc3 Rxe7 33.Kf2 Re4 34.Rxd6 Rxc4 35.Rd3 Ke6 36.Ke2 Ke5
37.Re3+ Kd5 38.Kd3 Ra4 39.Re2 Ra3 40.Rf2 Ra4 41.c4+ Kc5 42.Rf5+ Kc6 43.Kd4 Rxa2
44.Rf6+ Kb7 45.Rxh6 Rb2 46.Kc3 Rb1 47.Rh5 Ka6 48.Rh6+ Kb7 49.c5 a4 50.Rh7+ Kc6
51.Ra7 Kxc5 52.Rxa4 Rh1 53.Rxg4 Rxh2 54.Kd3 Kd5 55.Ke3 Ke5 56.Rf4 Rh8 57.Kf3 Ra8
58.Rf7 Ke6 59.Rf4 Ke5  1/2-1/2

[Event "Dos Hermanas"]
[Site "Dos Hermanas"]
[Date "1994.??.??"]
[Round "2"]
[White "Gulko, Boris F"]
[Black "Morovic Fernandez, Ivan"]
[Result "1/2-1/2"]
[WhiteElo "2615"]
[BlackElo "2605"]

1.c4 c6 2.d4 d5 3.Nf3 Nf6 4.Nc3 e6 5.Bg5 Be7 6.e3 O-O 7.Qc2 Ne4 8.Bxe7 Qxe7
9.Nxe4 dxe4 10.Qxe4 Qb4+ 11.Nd2 Qxb2 12.Rb1 Qc3 13.Qd3 Qxd3 14.Bxd3 Nd7 15.O-O Rd8
16.Rfd1 e5 17.Nf3 exd4 18.exd4 Nf8 19.Be4 Re8 20.Bd3 Rb8 21.h3 Ng6 22.Re1 Rxe1+
23.Rxe1 Be6 24.a4 Rd8 25.a5 Nf4 26.Bf1 Bd7 27.Ne5 Be8 28.Nf3  1/2-1/2

[Event "Dos Hermanas"]
[Site "Dos Hermanas"]
[Date "1994.??.??"]
[Round "2"]
[White "Epishin, Vladimir"]
[Black "Lautier, Joel"]
[Result "1-0"]
[WhiteElo "2675"]
[BlackElo "2625"]

1.d4 d5 2.c4 c6 3.Nc3 dxc4 4.e3 b5 5.a4 b4 6.Nb1 Ba6 7.Qc2 Nf6 8.Bxc4 Bxc4
9.Qxc4 Qd5 10.Qxd5 cxd5 11.Nd2 e6 12.Nb3 Nbd7 13.Ne2 a5 14.Bd2 Nb6 15.Nf4 Nc4
16.Nd3 Bd6 17.Ke2 Ke7 18.Rhc1 h5 19.h3 g5 20.Be1 g4 21.Nbc5 Bxc5 22.dxc5 b3
23.Rc3 Rab8 24.Rac1 Rhc8 25.hxg4 hxg4 26.Rxc4 dxc4 27.Rxc4 Nd5 28.Rxg4 Nb4
29.Nxb4 axb4 30.Bxb4 e5 31.Kd3 Rg8 32.Rxg8 Rxg8 33.g3 Ra8 34.Kc4 Rxa4 35.Kxb3 Ra1
36.Kc4 Kd7 37.Bc3 e4 38.Kd5 Rf1 39.b4 Rxf2 40.c6+ Kc7 41.Be5+ Kb6 42.Bd4+ Kc7
43.b5 Rf5+ 44.Be5+ Kb6 45.Kd6 Rf1 46.Bd4+  1-0

[Event "Dos Hermanas"]
[Site "Dos Hermanas"]
[Date "1994.??.??"]
[Round "3"]
[White "Rivas Pastor, Manuel"]
[Black "Epishin, Vladimir"]
[Result "0-1"]
[WhiteElo "2505"]
[BlackElo "2675"]

1.d4 Nf6 2.Nf3 g6 3.c4 Bg7 4.Nc3 d5 5.cxd5 Nxd5 6.e4 Nxc3 7.bxc3 c5 8.Be3 Qa5
9.Qd2 O-O 10.Rb1 b6 11.Bd3 Nc6 12.e5 Rd8 13.Rb5 Qa4 14.Rb2 Ba6 15.Bxa6 Qxa6
16.Qe2 Qa4 17.O-O cxd4 18.cxd4 Rac8 19.h4 h5 20.e6 f5 21.Rd2 Bxd4 22.Bg5 Bc5
23.Rfd1 Qe4 24.Kf1 Rxd2 25.Rxd2 Qxe2+ 26.Kxe2 Nd8 27.Rd7 Nxe6 28.Rxa7 Nxg5
29.hxg5 Bd6 30.Kd3 Rc1 31.Nd4 Kf7 32.a4 Rd1+ 33.Kc4 Rd2 34.Nb5 Be5 35.f3 Rxg2
36.Kd5 Bf4 37.Ra8 h4 38.Rh8 Bxg5 39.Kc6 Bf6 40.Rd8 h3 41.Kxb6 h2  0-1

[Event "Dos Hermanas"]
[Site "Dos Hermanas"]
[Date "1994.??.??"]
[Round "3"]
[White "Illescas Cordoba, Miguel"]
[Black "Gulko, Boris F"]
[Result "1/2-1/2"]
[WhiteElo "2590"]
[BlackElo "2615"]

1.Nf3 d5 2.d4 Nf6 3.c4 c6 4.Nc3 dxc4 5.a4 Bf5 6.Ne5 e6 7.g3 Bb4 8.Bg2 Ne4
9.Bxe4 Bxe4 10.O-O Bf5 11.e4 Bg6 12.Nxc4 O-O 13.f3 Na6 14.Be3 f6 15.Qe2 Re8
16.Rfd1 Bf8 17.a5 Nb4 18.Na4 Bf7 19.Nc5 Rb8 20.Kg2 b6 21.axb6 axb6 22.Na6 Rb7
23.Nxb4 Bxb4 24.Ra4 Bf8 25.Ra6 Qc7 26.Rda1 c5 27.dxc5 Bxc5 28.Bxc5 Qxc5 29.Ra8 Rc7
30.Ne3 Rec8 31.Rxc8+ Rxc8 32.Rd1 Be8 33.Qd2  1/2-1/2

[Event "Dos Hermanas"]
[Site "Dos Hermanas"]
[Date "1994.??.??"]
[Round "3"]
[White "Morovic Fernandez, Ivan"]
[Black "Karpov, Anatoly"]
[Result "0-1"]
[WhiteElo "2605"]
[BlackElo "2740"]

1.c4 Nf6 2.Nc3 e5 3.Nf3 Nc6 4.a3 g6 5.g3 Bg7 6.Bg2 O-O 7.O-O d6 8.d3 Nd4
9.Nd2 c6 10.b4 Be6 11.Bb2 Qd7 12.e3 Nf5 13.Nde4 Nxe4 14.dxe4 Ne7 15.Qe2 Nc8
16.Rfd1 Rd8 17.Na4 Qe8 18.Rd2 a6 19.Bc3 b5 20.Nb2 Nb6 21.cxb5 axb5 22.Qd1 d5
23.a4 Nc4 24.Nxc4 dxc4 25.a5 Bf8 26.a6 f6 27.f4 c5 28.Rxd8 Qxd8 29.Qe1 Qb6
30.fxe5 fxe5 31.Bxe5 Rxa6 32.Rd1 Bg4 33.Rb1 Qe6 34.Bc3 Ra2 35.bxc5 Bxc5 36.Bd4 Rxg2+
37.Kxg2 Qxe4+ 38.Kg1  0-1

[Event "Dos Hermanas"]
[Site "Dos Hermanas"]
[Date "1994.??.??"]
[Round "4"]
[White "Rivas Pastor, Manuel"]
[Black "Gelfand, Boris"]
[Result "1/2-1/2"]
[WhiteElo "2505"]
[BlackElo "2685"]

1.d4 Nf6 2.Nf3 g6 3.Bf4 d6 4.e3 Nh5 5.Bg5 h6 6.Bh4 g5 7.Nfd2 Ng7 8.Bg3 Nf5
9.c3 h5 10.h3 Nxg3 11.fxg3 e6 12.Bd3 Nd7 13.O-O Bg7 14.Rf2 Nf6 15.Qe2 g4
16.h4 Qe7 17.Na3 Bd7 18.Raf1 Rf8 19.e4 O-O-O 20.Nac4 Ne8 21.Na5 Kb8 22.Ba6 b6
23.b4 d5 24.Nb7 Nd6 25.Nxd8 Qxd8 26.Bd3 f5 27.exf5 exf5 28.Re1 Bh6 29.Nf1 Ne4
30.Bxe4 dxe4 31.Qc4 Qe8 32.Ne3 Be6 33.Qf1 f4 34.Rxf4 Bxf4 35.gxf4 g3 36.f5 Bxf5
37.Nxf5 Qe6 38.Qf4 Rxf5 39.Qxe4 Qxe4 40.Rxe4 Rf2 41.Re3 Rxa2 42.Rxg3 a5 43.bxa5 bxa5
44.Rg5 Kb7 45.Rxh5 a4 46.Rb5+ Kc6 47.c4 Rc2 48.Rb4 a3 49.Ra4 a2 50.Kh2 Kd7
51.Kh3 Ke6 52.Ra5 Rxc4 53.d5+ Kd6 54.Rxa2 Kxd5 55.Re2 Rc1 56.h5 c5 57.Kg4 c4
58.h6 Rh1 59.Kg5 c3 60.Kg6 Rh2 61.h7 Kc4 62.Rf2 Kb3 63.g4 Rxf2 64.h8=Q Rb2
65.Qh3 Kb4 66.Qh8 Kb3 67.Qg8+ Kc2 68.Kh5 Kb1 69.g5 c2 70.Qh7  1/2-1/2

[Event "Dos Hermanas"]
[Site "Dos Hermanas"]
[Date "1994.??.??"]
[Round "4"]
[White "Karpov, Anatoly"]
[Black "Illescas Cordoba, Miguel"]
[Result "1-0"]
[WhiteElo "2740"]
[BlackElo "2590"]

1.c4 e5 2.Nc3 Bb4 3.Nd5 Be7 4.d4 d6 5.e4 Nf6 6.Nxe7 Qxe7 7.f3 exd4 8.Qxd4 c5
9.Qd2 Be6 10.Bd3 Nc6 11.Ne2 O-O 12.O-O a6 13.b3 Rab8 14.Nc3 Nd4 15.Bb2 b5
16.Nd5 Bxd5 17.cxd5 Qa7 18.Rad1 c4 19.Qf2 Nxf3+ 20.gxf3 Qxf2+ 21.Kxf2 cxd3
22.Rg1 Nh5 23.Ke3 Rfc8 24.Kxd3 f6 25.Ba3 b4 26.Bb2 Kf7 27.Rc1 Nf4+ 28.Ke3 g5
29.Bd4 Ke7 30.Rc6 Rxc6 31.dxc6 Rc8 32.Rc1 Ne6 33.Bb6 Nc5 34.c7 Ne6 35.Rc4 Kd7
36.Rxb4 Nxc7 37.Rc4 Ne8 38.Rxc8 Kxc8 39.Kd4 Kb7 40.Ba5 Kc6 41.Kc4 Kd7 42.Bc3 h5
43.a4 Ke6 44.Bd4 f5 45.exf5+ Kxf5 46.Kd5 Kf4 47.b4 Kxf3 48.Kc6 g4 49.b5 axb5
50.a5 Ke4 51.a6  1-0

[Event "Dos Hermanas"]
[Site "Dos Hermanas"]
[Date "1994.??.??"]
[Round "4"]
[White "Gulko, Boris F"]
[Black "Lautier, Joel"]
[Result "1-0"]
[WhiteElo "2615"]
[BlackElo "2625"]

1.c4 Nf6 2.d4 c6 3.Bf4 d5 4.e3 e6 5.Nc3 Be7 6.Nf3 Nbd7 7.c5 Nh5 8.Bd3 O-O
9.O-O f5 10.b4 a6 11.a4 h6 12.b5 axb5 13.axb5 Rxa1 14.Qxa1 g5 15.bxc6 Nxc5
16.c7 Qe8 17.Bb5 Bd7 18.Be5 Ne4 19.Bxd7 Qxd7 20.Qa4 Nhf6 21.Bxf6 Nxf6 22.Qxd7 Nxd7
23.Rb1 Ra8 24.Rxb7 Kf7 25.g3 Ke8 26.Nb5  1-0

[Event "Dos Hermanas"]
[Site "Dos Hermanas"]
[Date "1994.??.??"]
[Round "5"]
[White "Illescas Cordoba, Miguel"]
[Black "Topalov, Veselin"]
[Result "1/2-1/2"]
[WhiteElo "2590"]
[BlackElo "2640"]

1.d4 Nf6 2.Nf3 g6 3.c4 Bg7 4.Nc3 d5 5.cxd5 Nxd5 6.e4 Nxc3 7.bxc3 c5 8.Bb5+ Bd7
9.Bxd7+ Qxd7 10.O-O O-O 11.Rb1 Nc6 12.dxc5 Qxd1 13.Rxd1 Rfd8 14.Rxd8+ Rxd8
15.Bd2 Rd7 16.Kf1 e6 17.Ke2 f5 18.Ng5 Re7 19.f3 h6 20.Nh3 Kf7 21.Nf2 Rd7
22.Nd3 g5 23.h3 Bf8 24.Rh1 Kg6 25.h4 Bg7 26.Rh3 Bf6 27.h5+ Kf7 28.Rh1 Ke8
29.Rb1 f4 30.Rb3 Kd8 31.Be1 Kc8 32.Ra3 Kb8 33.Bf2 Ne5 34.Nxe5 Bxe5 35.Rb3 Kc8
36.Ra3 Kc7 37.Be1 Kb8 38.Ra5 Bf6 39.g3 Bd8 40.Ra4 Bc7 41.Rd4 Rg7 42.g4 Kc8
43.Bf2 Bb8 44.Rd3 Rf7 45.Bd4 e5 46.Bf2 Rf6 47.Rd2 Ra6 48.Kd3 Ra4 49.Rb2 Kc7
50.Kc2 Ra3 51.Kd3 Ra4 52.Kd2 Kc6 53.Kc1 Bc7 54.Kb1 Ra3 55.Rb3 Ra5 56.Kb2 Bd8
57.c4 Be7 58.Be1 Ra4 59.Bc3 Bf6 60.Bb4 Bd8 61.a3 a5  1/2-1/2

[Event "Dos Hermanas"]
[Site "Dos Hermanas"]
[Date "1994.??.??"]
[Round "6"]
[White "Karpov, Anatoly"]
[Black "Polgar, Judit"]
[Result "1-0"]
[WhiteElo "2740"]
[BlackElo "2630"]

1.e4 c5 2.c3 d6 3.d4 Nf6 4.Bd3 Qc7 5.Nf3 g6 6.O-O Bg7 7.Re1 O-O 8.Bf4 Nbd7
9.Nbd2 e5 10.dxe5 dxe5 11.Bg3 Nh5 12.a4 b6 13.a5 bxa5 14.Qa4 Nb6 15.Qxa5 Bg4
16.Be2 Rfd8 17.Nc4 Nf4 18.Bxf4 exf4 19.e5 h6 20.Nd6 Rd7 21.h3 Be6 22.Ne4 Bd5
23.Nxc5 Re7 24.Na6 Qb7 25.Nb4 Bc4 26.Bd1 Rc8 27.Nd4 Nd7 28.Bf3 Qc7 29.Nbc6 Nxe5
30.Nxe7+ Qxe7 31.Qxa7 Rc7 32.Qb8+ Kh7 33.Be4 Qd7 34.Nf3 Nc6 35.Bxc6 Qxc6
36.Ra8 h5 37.Re8 g5 38.Ne5 Bxe5 39.Rxe5 f6 40.Ra7 Rxa7 41.Qxa7+ Kg6 42.Re7  1-0

[Event "Dos Hermanas"]
[Site "Dos Hermanas"]
[Date "1994.??.??"]
[Round "6"]
[White "Gelfand, Boris"]
[Black "Morovic Fernandez, Ivan"]
[Result "1/2-1/2"]
[WhiteElo "2685"]
[BlackElo "2605"]

1.d4 d5 2.c4 c6 3.Nf3 Nf6 4.Nc3 e6 5.e3 Nbd7 6.Bd3 dxc4 7.Bxc4 b5 8.Bd3 a6
9.e4 c5 10.d5 Qc7 11.O-O c4 12.Bc2 Bc5 13.Qe2 e5 14.Nd1 O-O 15.b3 Nb6 16.bxc4 Nxc4
17.Bd3 Bg4 18.Bxc4 Bd4 19.Rb1 Qxc4 20.Qxc4 bxc4 21.Nxd4 exd4 22.f3 Bd7 23.Bf4 Rfc8
24.Nf2  1/2-1/2

[Event "Dos Hermanas"]
[Site "Dos Hermanas"]
[Date "1994.??.??"]
[Round "6"]
[White "Epishin, Vladimir"]
[Black "Gulko, Boris F"]
[Result "1-0"]
[WhiteElo "2675"]
[BlackElo "2615"]

1.d4 d5 2.c4 c6 3.Nc3 Nf6 4.e3 g6 5.Nf3 Bg7 6.Be2 O-O 7.O-O Be6 8.cxd5 cxd5
9.Qb3 Qb6 10.Qxb6 axb6 11.b3 Bg4 12.Na4 Nfd7 13.h3 Bxf3 14.Bxf3 e6 15.Bd2 Nc6
16.Be2 Na7 17.Rfc1 Rfc8 18.Kf1 Bf8 19.b4 Rxc1+ 20.Rxc1 Rc8 21.Rxc8 Nxc8 22.Bd3 Nd6
23.Be1 f5 24.Ke2 Kf7 25.f3 Ke8 26.Bg3 Kd8 27.Nc3 Nf6 28.a3 Be7 29.Bf4 h5
30.h4 Nfe8 31.g3 Nf6 32.Kd2 Kd7 33.Kc2 Kc6 34.Kb3 Bf8 35.a4 Be7 36.Be5 Kd7
37.Ne2 Ke8 38.Nf4 Kf7 39.Nh3 Bf8 40.Be2 Nd7 41.Bf4 Nf6 42.a5 bxa5 43.bxa5 Ke8
44.Ka4 Be7 45.Ng5 Kd7 46.Bb5+ Nxb5 47.Kxb5 Ng8 48.Nf7 Bf6 49.Kb6  1-0

[Event "Dos Hermanas"]
[Site "Dos Hermanas"]
[Date "1994.??.??"]
[Round "6"]
[White "Topalov, Veselin"]
[Black "Lautier, Joel"]
[Result "1/2-1/2"]
[WhiteElo "2640"]
[BlackElo "2625"]

1.c4 Nf6 2.Nf3 c6 3.Nc3 d5 4.e3 e6 5.d4 Nbd7 6.Bd3 dxc4 7.Bxc4 b5 8.Bd3 a6
9.e4 c5 10.d5 c4 11.dxe6 fxe6 12.Bc2 Qc7 13.O-O Bb7 14.Ng5 Nc5 15.e5 Qxe5
16.Re1 Qd6 17.Qxd6 Bxd6 18.Be3 O-O 19.Rad1 Be7 20.Bxc5 Bxc5 21.Nxe6 Rfc8
22.h3 Rab8 23.g4 Bf3 24.Rd2 b4 25.Na4 Ba7 26.g5 Nd5 27.Re5 Rb5 28.Rf5 Nc7
29.Nxg7 Bc6 30.Rd6 Nd5 31.Ne6 Ne7 32.Rxb5 Bxb5 33.h4 Ng6 34.h5 Ne5 35.g6 hxg6
36.hxg6 Nf3+ 37.Kh1 Bc6 38.Nac5 Nd4+ 39.Be4 Nxe6 40.Rxe6 Bxc5 41.Rxc6  1/2-1/2

[Event "Dos Hermanas"]
[Site "Dos Hermanas"]
[Date "1994.??.??"]
[Round "7"]
[White "Illescas Cordoba, Miguel"]
[Black "Gelfand, Boris"]
[Result "1/2-1/2"]
[WhiteElo "2590"]
[BlackElo "2685"]

1.Nf3 Nf6 2.c4 c5 3.Nc3 Nc6 4.d4 cxd4 5.Nxd4 e6 6.g3 Qb6 7.Nb3 Ne5 8.e4 Bb4
9.Qe2 d6 10.f4 Nc6 11.Be3 Bxc3+ 12.bxc3 Qc7 13.Bg2 O-O 14.O-O b6 15.g4 Ba6
16.g5 Nd7 17.Rf3 Rfe8 18.Rh3 Nf8 19.Qh5 Bxc4 20.f5 Ne5 21.Bd4 g6 22.Qh6 exf5
23.exf5 gxf5 24.Bxa8 Rxa8 25.Nd2 Ba6 26.Nf1 Re8 27.Ne3 Re6 28.Qh5 Qc6 29.Bxe5 Rxe5
30.Qf3 Qxf3 31.Rxf3 Bb7 32.Rh3 f4 33.Nc4 Rxg5+ 34.Kf2 Rg2+ 35.Kf1 Rc2 36.Ke1 Bg2
37.Rd3 Be4 38.Rd2 Rxc3 39.Nxd6 Re3+ 40.Re2 Bd3 41.Rxe3 fxe3 42.Rd1 Bg6 43.Nc4 Bf5
44.Nxe3 Be6 45.Nd5 Ng6 46.a3 Ne5 47.Nf4 Bb3 48.Rd8+ Kg7 49.Kd2 a5 50.Kc3 a4
51.Rb8 Nc4 52.Kb4 Ne3 53.Rxb6 Nc2+ 54.Kc5 Nxa3 55.Nh5+ Kf8 56.Ra6 Nc2 57.Kd6 f5
58.Ke5 Ke7 59.Ng7 a3 60.Nxf5+ Kd7 61.Ra7+  1/2-1/2

[Event "Dos Hermanas"]
[Site "Dos Hermanas"]
[Date "1994.??.??"]
[Round "7"]
[White "Morovic Fernandez, Ivan"]
[Black "Epishin, Vladimir"]
[Result "0-1"]
[WhiteElo "2605"]
[BlackElo "2675"]

1.Nf3 Nf6 2.c4 e6 3.g3 b6 4.Bg2 Bb7 5.O-O Be7 6.Nc3 O-O 7.d4 Ne4 8.Nxe4 Bxe4
9.Ne1 Bxg2 10.Nxg2 d5 11.Qa4 Bf6 12.Be3 c6 13.Rac1 a5 14.Rfd1 dxc4 15.Qxc4 Ra7
16.Rd3 Rd7 17.Rcd1 Qc8 18.Ne1 Qb7 19.Nf3 Rc8 20.h4 Na6 21.Bg5 Nb4 22.R3d2 c5
23.dxc5 Rxd2 24.Rxd2 bxc5 25.Bxf6 gxf6 26.h5 h6 27.Qc3 Kg7 28.a3 Nc6 29.Rc2 Rd8
30.Qxc5 Rd1+ 31.Kg2 Nd4 32.Rc4 e5 33.Qc8 Qe4 34.Rc1 Rxc1 35.Qxc1 Qxe2 36.Nh4 Qxh5
37.Qd2 a4 38.Qd3 Qg4 39.f3 Qc8 40.g4 Qc1  0-1

[Event "Dos Hermanas"]
[Site "Dos Hermanas"]
[Date "1994.??.??"]
[Round "7"]
[White "Gulko, Boris F"]
[Black "Karpov, Anatoly"]
[Result "1-0"]
[WhiteElo "2615"]
[BlackElo "2740"]

1.e4 c6 2.d4 d5 3.e5 Bf5 4.h4 h5 5.c4 e6 6.Nc3 Be7 7.cxd5 cxd5 8.Bd3 Bxd3
9.Qxd3 Nc6 10.Nf3 Nb4 11.Qe2 Rc8 12.O-O Nc6 13.g3 Qd7 14.Bd2 Nh6 15.Bxh6 Rxh6
16.Rac1 Kf8 17.Na4 Rc7 18.Rc3 Rg6 19.Rfc1 Rg4 20.Qd3 Kg8 21.a3 f6 22.Nc5 Bxc5
23.Rxc5 Qf7 24.b4 a6 25.Qc3 Rd7 26.a4 Ne7 27.Nh2 Rg6 28.Qd3 Nf5 29.Rc8+ Kh7
30.Kh1 Nh6 31.R1c2 Nf5 32.b5 axb5 33.axb5 Qe7 34.R2c5 b6 35.R5c6 Ra7 36.Nf3 Ra3
37.Qd1 Rg4 38.exf6 Qxf6 39.Ng5+ Rxg5 40.hxg5 Qxg5 41.Rxe6 h4 42.Ree8 hxg3
43.Rh8+ Kg6 44.f4 Ne3 45.Rc6+ Kf7 46.fxg5 Nxd1 47.g6+ Ke7 48.Kg2 Ne3+ 49.Kxg3 Nf5+
50.Kf4 Nxd4 51.Rxb6 Ne6+ 52.Ke5 Re3+ 53.Kxd5 Re1 54.Rxe6+  1-0

[Event "Dos Hermanas"]
[Site "Dos Hermanas"]
[Date "1994.??.??"]
[Round "8"]
[White "Gelfand, Boris"]
[Black "Lautier, Joel"]
[Result "1/2-1/2"]
[WhiteElo "2685"]
[BlackElo "2625"]

1.c4 Nf6 2.d4 c6 3.Nc3 d5 4.e3 e6 5.Nf3 Nbd7 6.Qc2 Bd6 7.g4 dxc4 8.Bxc4 Nd5
9.Bd2 b6 10.e4 Nxc3 11.Bxc3 Bb7 12.O-O-O b5 13.Bd3 Qb6 14.b4 a5 15.bxa5 Rxa5
16.Bxa5 Qxa5 17.Nd2 c5 18.dxc5 Nxc5 19.Nb3 Qa3+ 20.Kb1 Nxd3 21.Qxd3 O-O 22.f3 Be5
23.Rd2 Ba6 24.Qe3 b4 25.Rc1 Bb5 26.Rc5 Qa7 27.f4 Bc7 28.Qd4 Bb6 29.Qxb4 Bxc5
30.Qxc5 Qb7 31.Ka1 Ba4 32.Na5 Qxe4 33.Qd4 Qe1+ 34.Kb2 h6 35.Ka3 Bb5 36.Nb3 Qb1
37.Qb6 Bd3 38.Qd4 Ra8+ 39.Kb4 Bc2 40.Qa1 Rxa2 41.Qxb1 Bxb1 42.Rxa2 Bxa2 43.Nd4 Kh7
44.h4 Kg6 45.Kc5 Kf6 46.Kd6 Bd5 47.g5+ Kg6 48.f5+ exf5 49.gxh6 Be4 50.hxg7 Kxg7  1/2-1/2

[Event "Dos Hermanas"]
[Site "Dos Hermanas"]
[Date "1994.??.??"]
[Round "8"]
[White "Epishin, Vladimir"]
[Black "Karpov, Anatoly"]
[Result "1/2-1/2"]
[WhiteElo "2675"]
[BlackElo "2740"]

1.d4 Nf6 2.c4 e6 3.Nf3 b6 4.g3 Ba6 5.Nbd2 Bb7 6.Bg2 c5 7.e4 cxd4 8.e5 Ne4
9.Nxe4 Bxe4 10.Qxd4 Bb4+ 11.Bd2 Bxf3 12.Bxf3 Nc6 13.Bxc6 Bxd2+ 14.Kxd2 dxc6
15.Qxd8+ Rxd8+ 16.Kc3  1/2-1/2

[Event "Dos Hermanas"]
[Site "Dos Hermanas"]
[Date "1994.??.??"]
[Round "9"]
[White "Gulko, Boris F"]
[Black "Rivas Pastor, Manuel"]
[Result "1-0"]
[WhiteElo "2615"]
[BlackElo "2505"]

1.d4 d6 2.c4 e5 3.Nf3 e4 4.Ng5 f5 5.Nc3 c6 6.Nh3 Be7 7.Bf4 g5 8.Bd2 h6 9.e3 Nf6
10.f3 a6 11.fxe4 fxe4 12.Nf2 d5 13.Qb3 b5 14.cxd5 cxd5 15.Rc1 Bb7 16.Be2 Nc6
17.Ncxe4 dxe4 18.Nxe4 Kf8 19.Nxf6 Bxf6 20.Bh5 Rh7 21.O-O Qd6 22.Rxf6+ Qxf6
23.Rf1 Qxf1+ 24.Kxf1 Re7 25.d5 Ne5 26.Bb4 Rd8 27.e4 Rd7 28.Qc3 Kg7 29.Bxe7 Rxe7
30.d6  1-0

[Event "Dos Hermanas"]
[Site "Dos Hermanas"]
[Date "1994.??.??"]
[Round "9"]
[White "Illescas Cordoba, Miguel"]
[Black "Epishin, Vladimir"]
[Result "1-0"]
[WhiteElo "2590"]
[BlackElo "2675"]

1.Nf3 Nf6 2.c4 e6 3.Nc3 Bb4 4.Qc2 O-O 5.a3 Bxc3 6.Qxc3 b6 7.g3 Bb7 8.Bg2 d6
9.O-O Nbd7 10.b4 Re8 11.Bb2 e5 12.d3 a6 13.Rac1 c5 14.Qd2 Rb8 15.Nh4 Bxg2
16.Kxg2 g6 17.Kg1 b5 18.Rc2 bxc4 19.dxc4 Qb6 20.Qd3 Qc6 21.Rd1 Qa4 22.Rcd2 Re6
23.Bc3 a5 24.bxa5 Rb3 25.Ng2 e4 26.Qc2 Qxc4 27.Bxf6 Qxc2 28.Rxc2 Rxf6 29.Ne3 Rxa3
30.Nc4 Ra4 31.Nxd6 Re6 32.Nxf7 Re7 33.Nd8 e3 34.f3 Ne5 35.Rxc5 Ra2 36.Re1 Kf8
37.f4 Ng4 38.Kg2 Nf2 39.Kf3 Ne4 40.Rd5 Nd2+ 41.Kg4 Kg7 42.Nc6 h5+ 43.Kh3 Rb7
44.Rd3 Rc7 45.Ne5 g5 46.fxg5 Rxa5 47.Rxe3 Re7 48.Rd1 Ra2 49.Rc1 Ra5 50.Rd1 Ra2
51.Kh4 Re8 52.Nc4 Rxe3 53.Nxe3 Kg6 54.Ng2  1-0

[Event "Dos Hermanas"]
[Site "Dos Hermanas"]
[Date "1994.??.??"]
[Round "9"]
[White "Karpov, Anatoly"]
[Black "Topalov, Veselin"]
[Result "1-0"]
[WhiteElo "2740"]
[BlackElo "2640"]

1.d4 Nf6 2.Nf3 c5 3.d5 e6 4.Nc3 Nxd5 5.Nxd5 exd5 6.Qxd5 Be7 7.e4 O-O 8.Be2 d6
9.O-O Nc6 10.c3 Be6 11.Qh5 h6 12.Rd1 Re8 13.Bf4 Bf8 14.Nd2 g6 15.Qf3 d5 16.Qg3 Qe7
17.exd5 Bxd5 18.Bf1 Qf6 19.Nb3 Rad8 20.Rd2 Be6 21.Bc7 Rxd2 22.Nxd2 Bf5 23.Nc4 Re4
24.Ne3 Bc8 25.Rd1 Re8 26.h3 Qg5 27.Qf3 Kg7 28.Bf4 Qe7 29.Nd5 Qe4 30.Nf6 Kxf6
31.Be5+ Kxe5 32.Qxe4+ Kxe4 33.Re1+ Kf5 34.Rxe8 Be6 35.Rxf8 Bxa2 36.Rc8  1-0

[Event "Dos Hermanas"]
[Site "Dos Hermanas"]
[Date "1994.??.??"]
[Round "9"]
[White "Lautier, Joel"]
[Black "Morovic Fernandez, Ivan"]
[Result "1-0"]
[WhiteElo "2625"]
[BlackElo "2605"]

1.d4 d5 2.c4 c6 3.Nf3 Nf6 4.Nc3 e6 5.e3 Nbd7 6.Bd3 dxc4 7.Bxc4 b5 8.Bd3 a6
9.e4 c5 10.e5 cxd4 11.Nxb5 axb5 12.exf6 gxf6 13.O-O Qb6 14.Qe2 Ba6 15.a4 Bd6
16.a5 Qc5 17.Qe4 Rb8 18.b4 Qh5 19.Qxd4 Ne5 20.Bf4 Nxf3+ 21.gxf3 Rd8 22.Rfd1 Qh4
23.Bxd6 Rg8+ 24.Bg6 Rxg6+ 25.Kf1 Qh3+ 26.Ke2 Bb7 27.Ra3 Bd5 28.Qc5 Bc4+ 29.Ke3 e5
30.Qc6+ Qd7 31.Qxd7+ Rxd7 32.a6  1-0

[Event "Dos Hermanas"]
[Site "Dos Hermanas"]
[Date "1994.??.??"]
[Round "9"]
[White "Polgar, Judit"]
[Black "Gelfand, Boris"]
[Result "0-1"]
[WhiteElo "2630"]
[BlackElo "2685"]

1.e4 c5 2.Nf3 d6 3.d4 cxd4 4.Nxd4 Nf6 5.Nc3 a6 6.Bc4 e6 7.O-O b5 8.Bb3 Be7
9.Qf3 Qb6 10.Be3 Qb7 11.Qg3 b4 12.Na4 Nbd7 13.f3 O-O 14.Bh6 Nh5 15.Qh3 gxh6
16.Qxh5 Qa7 17.Rad1 e5 18.c3 exd4 19.cxd4 Kg7 20.Qg4+ Kh8 21.Qf4 Kg7 22.Kh1 Nf6
23.Qg3+ Kh8 24.Qf4 Ng8 25.e5 dxe5 26.Qxe5+ Bf6 27.Qf4 Qb8 28.Qe4 Bg7 29.Nc5 Ra7
30.d5 Qb6 31.Rc1 Re7 32.Qd3 Rd8 33.Qd2 Nf6 34.Rfd1 Ne8 35.Na4 Qb8 36.Rc6 a5
37.Qf2 Qe5 38.Rc5 Nd6 39.Rxa5 Rde8 40.h3 Qf4  0-1